| 000 | 00438pab a2200169 454500 | ||
|---|---|---|---|
| 008 | 180718b2000 xxu||||| |||| 00| 0 eng d | ||
| 100 | _aMahi Pal | ||
| 245 | _aEleventh Finance Commission: transforming panchayats | ||
| 260 | _c2000 | ||
| 300 | _ap.4379-382 | ||
| 362 | _a9 Dec | ||
| 650 | _aPublic finance - India | ||
| 650 | _aPanchayat - India | ||
| 650 | _aPanchayat | ||
| 773 | _aEconomic and Political Weekly | ||
| 909 | _a47025 | ||
| 999 |
_c47025 _d47025 |
||